Simplified Flags #2 - Statistics

General Stats
  • This quiz has been taken 6 times
  • The average score is 23 of 28
Answer Stats
Picture Answer % Correct
Chad
100%
Croatia
100%
Pakistan
100%
Vietnam
100%
Albania
80%
Armenia
80%
Azerbaijan
80%
Bosnia and Herzegovina
80%
Djibouti
80%
Egypt
80%
Eritrea
80%
Georgia
80%
Iraq
80%
Kuwait
80%
Lesotho
80%
Mauritania
80%
Romania
80%
Saint Lucia
80%
Somalia
80%
Sudan
80%
Tanzania
80%
Trinidad and Tobago
80%
Ukraine
80%
United Arab Emirates
80%
Vatican City
80%
Yemen
80%
Palestine
60%
Western Sahara
60%
No matching quizzes found
Score Distribution
Percent of People with Each Score
Percentile by Number Answered
Your Score History
You have not taken this quiz